Theme and variations: an autobiography

Uloženo v:
Podrobná bibliografie
Hlavní autor: Walter, Bruno (Autor)
Médium: Kniha
Jazyk:angličtina
Vydáno: Nueva York Alfred A. Knopf 1946
Témata:
Tagy: Přidat tag
Žádné tagy, Buďte první, kdo vytvoří štítek k tomuto záznamu!

MARC

LEADER 00000nam a2200000 a 4500
001 UCN1654
003 CL-VaPUC
008 010427e19460000US |||||||||||||||||eng|d
082 0 4 |a 927.8  |b WAL  |2 21 
100 |a Walter, Bruno  |e author  |9 306563 
245 1 0 |a Theme and variations: an autobiography 
300 |a 344 p 
942 |c BK 
945 |d 20010427 00:00:00  |a crobeson 
260 |a Nueva York  |b Alfred A. Knopf  |c 1946 
600 0 |a Walter, Bruno  |9 306563 
650 0 |a Directores de música  |9 306511 
650 0 |a Autobiografías   |9 265171 
583 |a last modification  |c 20010427 00:00:00  |k Rodrigo Vera 
999 |c 294905  |d 294903 
952 |0 0  |1 0  |4 0  |6 927_800000000000000_WAL_1946  |7 0  |8 A  |9 347654  |a BIBEDU  |b BIBEDU  |d 2019-11-20  |i 1181181  |o 927.8 WAL 1946  |p 1181181  |r 2023-01-12  |w 2019-11-20  |y BK  |k MUS